Povinnosti prijímateľa asignovanej dane

Asignácia dane alebo použitie podielu zaplatenej dane na verejnoprospešné účely bola prvýkrát zavedená v zákone č. 595/2003 Z. z. o dani z príjmov v z. n. p. od 1. 1. 2002. V čase jej zavedenia bolo možné poukazovať podiel zaplatenej dane len daňovníkmi fyzickými osobami, a to vo výške 1 % zo zapla...

Descrizione completa

Salvato in:
Dettagli Bibliografici
Autore principale: Brnová, Miroslava
Natura: Capitolo di libro
Lingua:slovacco
Soggetti:
Tags: Aggiungi Tag
Nessun Tag, puoi essere il primo ad aggiungerne!!

MARC

LEADER 00000naa a2200000 4500
001 0238338
005 20171221065935.2
041 0 |a slo 
044 |a SK 
245 1 0 |a Povinnosti prijímateľa asignovanej dane  |c Miroslava Brnová 
520 |a Asignácia dane alebo použitie podielu zaplatenej dane na verejnoprospešné účely bola prvýkrát zavedená v zákone č. 595/2003 Z. z. o dani z príjmov v z. n. p. od 1. 1. 2002. V čase jej zavedenia bolo možné poukazovať podiel zaplatenej dane len daňovníkmi fyzickými osobami, a to vo výške 1 % zo zaplatenej dane. S účinnosťou od 1. 1. 2004 sa rozšírila možnosť asignovania dane aj na právnické osoby. Touto úpravou štát docielil zvýšenie príjmov neziskového sektoru, čím zvýšil svoju participáciu na pomoci v oblasti verejnoprospešných služieb, a to v takých sférach ako vzdelávanie, šport, zdravie, sociálna pomoc a pod. 
610 2 0 |a dane z príjmov 
610 2 0 |a Slovensko 
610 2 0 |a asignácia daňová 
610 2 0 |a osoby fyzické 
610 2 0 |a daňovníci 
100 1 |a Brnová, Miroslava